| 000 | 00558nam a22001697a 4500 | ||
|---|---|---|---|
| 003 | BD-DhUL | ||
| 005 | 20160823102522.0 | ||
| 008 | 160823b xxu||||| |||| 00| 0 eng d | ||
| 040 | _cBD-DhUL | ||
| 082 |
_a332.4 _bANT |
||
| 100 | _aসেন, শ্রীঅনাথগোপাল | ||
| 245 |
_aটাকার কথা / _cসেন, শ্রীঅনাথগোপাল |
||
| 260 |
_aকলকাতা : _bমডার্ণ, |
||
| 300 |
_a২১০ পৃ. ; _c১৮ সেমি. |
||
| 650 |
_aইতিহাস _vHistory |
||
| 942 |
_2ddc _cBK |
||
| 999 |
_c100745 _d100745 |
||